000 00232nam a2200097Ia 4500
001 642709
005 20250826153532.0
008 250824s9999 xx 000 0 und d
245 0 _aHZ FATIMA
_cCİHAN AKTAŞ
260 _bBEYAN YAYINLARI
999 _c642709
_d642709